| 000 | 00787nam a2200253 i 4500 | ||
|---|---|---|---|
| 001 | 146893 | ||
| 003 | ES-MaACL | ||
| 005 | 20230906201723.0 | ||
| 007 | t| | ||
| 008 | 070919s1985 mx ||||1| spa d | ||
| 020 | _a968-16-1543-3 | ||
| 080 | _a028.02-053.2 | ||
| 080 | _a159.922.7 | ||
| 100 | 1 |
_aTucker, Nicholas. _9111631 |
|
| 245 | 1 | 3 |
_aEl niño y el libro _b: exploración psicológica y literaria / _cNicholas Tucker ; [traducción de María Martínez Peñaloza]. |
| 250 | _a[1ª ed.]. | ||
| 260 |
_aMéxico : _bFondo de Cultura Económica, _c1985. |
||
| 300 |
_a429 p. ; _c17 cm. |
||
| 490 | 1 |
_aPopular ; _v302 |
|
| 700 | 1 |
_aMartínez Peñaloza, María. _978319 |
|
| 830 | 0 |
_aPopular ; _v302 _9181401 |
|
| 852 |
_aES-MaACL _jL-10334 _bR.111608 |
||
| 999 |
_c146893 _d146893 |
||